00551nam a22001932 4500001001100000005001700011008004100028020001700069040001500086100002900101245006300130250001300193260003600206300001800242650003200260700003100292700003100323852000300354000002489120151217155237.0140323s xx 000 0 eng d a0077121775 : aKABUcKABU1 aMorgan, Wyn.@000018515110aMicroeconomics /cWyn Morgan, Michael Katz & Harvey Rosen. a2nd ed. aNew York :bMcGraw-Hill,c2009. axxvi, 749 p. 0aMicroeconomics.@00001499441 aKatz, Michael.@00001851521 aRosen, Harvey.@00001851531